000 00753cam a22002413a 4500
001 33809
003 PGUSA
005 20140828083730.0
008 100925s2010||||xxu|||||s|||||000 | eng d
040 _aPGUSA
_beng
042 _adc
050 4 _aRX
100 1 _aEspanet, Alexis,
_d1811-1886
245 1 0 _aTratado metódico y práctico de Materia Médica y de Terapéutica, tomo primero
_h[electronic resource] /
_cAlexis Espanet
260 _bProject Gutenberg,
_c2010
506 _aPublic domain in the USA.
516 _aElectronic text
653 _aHomeopathy -- Materia medica and therapeutics
700 1 _aHernandez y Espeso, Pio
830 0 _aProject Gutenberg
_v33809
856 4 0 _uhttp://www.gutenberg.org/ebooks/33809
942 _cEB
999 _c263064
_d263064